00881nac a22002297a 4500001001000000003000900010005001700019008003400036040005400070072000800124100002200132110008900154245008600243246007600329260004200405300000900447490011500456500002300571650002600594650001100620650002000631BR8300318BR-BrBNA20240105115609.0230509b bl.|||m| |||| 00| 0 por d aBR-BrBNAbporcBiblioteca Nacional de Agricultura aF231 aOliveira, L.B. de1 aServico Nacional de Levantamento e Conservacao de Solos, Rio de Janeiro, RJ (Brasil)1 aDeterminacao de fracoes grosseiras em solos muito pedregosos e ou concrecionarios1 aCoarse fragments determination in very stony and or concretionary soils3 aRio de Janeiro, RJ (Brasil): c1982.  a7 p. aBoletim de Pesquisa - Servico Nacional de Levantamento e Conservacao de Solos (Brazil)vno. 12xISSN 0101-6253 aSummaries (En, Pt) aCLASSIFICACAO DO SOLO aARGILA aTEXTURA DO SOLO